书目信息 |
| 题名: |
孙中山全集
|
|
| 作者: | 孙中山 著 ;广东省社会科学院历史研究所 编 | |
| 分册: | 第十一卷 | |
| 出版信息: | 北京 中华书局 1986 |
|
| 页数: | 648页 | |
| 开本: | 20cm | |
| 丛书名: | ||
| 单 册: | ||
| 中图分类: | D693.0 | |
| 科图分类: | ||
| 主题词: | ||
| 电子资源: | ||
| ISBN: | ||
| 000 | 00785nam0 2200253 45 | |
| 001 | 0186019501 | |
| 005 | 20040424163914.2 | |
| 010 | @dCNY4.60 | |
| 091 | @a11018.1370 | |
| 100 | @a19900802d1986 kemy0chiy0121 ea | |
| 101 | 0 | @achi |
| 102 | @aCN@b110000 | |
| 105 | @af z 000yy | |
| 106 | @ar | |
| 200 | 10 | @a孙中山全集@Asun zhong shan quan ji@h第十一卷@e1924.9~1925@f孙中山著@g广东省社会科学院历史研究所编 |
| 210 | @a北京@c中华书局@d1986 | |
| 215 | @a648页@c照片@d20cm | |
| 600 | 0 | @a孙中山@x全集 |
| 690 | @aD693.0@v3 | |
| 701 | 0 | @a孙中山@Asun zhong shan@4著 |
| 712 | 02 | @a广东省社会科学院历史研究所@Aguang dong sheng she hui ke xue yuan li shi yan jiu suo@4编 |
| 801 | 0 | @aCN@b深圳图书馆@c20040105 |
| 801 | 2 | @aCN@bNLC@c20040105 |
| 905 | @dD693.0@e12:11@f2@b165652-653 | |
| 孙中山全集.第十一卷:1924.9~1925/孙中山著/广东省社会科学院历史研究所编.-北京:中华书局,1986 |
| 648页:照片;20cm |
| ISBN :CNY4.60 |
| ● |
| 相关链接 |
|
|
|
|
正题名:孙中山全集
索取号:D693.0/12:11
 
预约/预借
| 序号 | 登录号 | 条形码 | 馆藏地/架位号 | 状态 | 备注 |
| 1 | 0165652 | 001110988 | 密集书库/ [索取号:D693.0/12:11] | 在馆 | |
| 2 | 0165653 | 001009009 | 密集书库/ [索取号:D693.0/12:11] | 在馆 | |
| 3 | 0165654 | 001866733 | 密集书库/ [索取号:D693.0/12:11] | 在馆 |